Proofs and refutations : the logic of mathematical discovery
Αποθηκεύτηκε σε:
| Κύριος συγγραφέας: | |
|---|---|
| Μορφή: | Βιβλίο |
| Γλώσσα: | English |
| Δημοσίευση: |
Cambridge ; New York :
Cambridge University Press,
1987.
|
| Θέματα: | |
| Ετικέτες: |
Προσθήκη ετικέτας
Δεν υπάρχουν, Καταχωρήστε ετικέτα πρώτοι!
|
MARC
| LEADER | 00000cam a2200000 i 4500 | ||
|---|---|---|---|
| 001 | 1/36881 | ||
| 008 | 941103s19761987enk| ||| |||| ||eng|| | ||
| 020 | |a 052121078X | ||
| 035 | |l 10040356 | ||
| 035 | |a 1987 | ||
| 040 | |a GR-MyUa |b gre |e AACR2 | ||
| 041 | 0 | |a eng | |
| 082 | 7 | |a 511.3 |2 (22) | |
| 100 | 1 | |a Lakatos, Imre, |d 1922-1974. | |
| 245 | 1 | 0 | |a Proofs and refutations : |b the logic of mathematical discovery / |c by Imre Lakatos ; edited by John Worrall and Elie Zahar. |
| 260 | |a Cambridge ; |a New York : |b Cambridge University Press, |c 1987. | ||
| 300 | |a xii, 174 σ. ; |c 23 εκ. | ||
| 504 | |a Βιβλιογραφία: σ. 155-165. Ευρετήριο. | ||
| 650 | 0 | |a Mathematics |x Philosophy. | |
| 650 | 0 | |a Logic, Symbolic and mathematical. | |
| 767 | 0 | 8 | |i Μεταφρασμένο ως: |t Αποδείξεις & ανασκευές : |
| 852 | |a INST |b SAMOS |e 19941103 |h 511.3 LAK |p 005300008921 |q 005300008921 |t BK |y 0 | ||